000
00354nam a22001457a 4500
003
MPLRDC
005
20220104144225.0
008
210129b ||||| |||| 00| 0 eng d
082
_a
229.1 SXY c.2
100
_a
释星云
245
_a
释迦牟尼佛传
_c
300
_b
平
650
_a
佛教传记--释迦牟尼; 佛传
942
_c
BK
_o
229.1 SXY c.2
999
_c
47575
_d
47565